00762cam a22002291 450000100060000000300080000600500170001400800410003103500190007203500180009104000470010904100080015608200210016410000470018524500950023226000420032730000440036950000200041365000610043370000200049470000180051421502BD-RjUL20211209000708.0140304s1953 enkac 001 0aeng d a(BD-RjUL)21566 a(OCoLC)544827 aDLCcOTifHdOCoLCdUkOxUdUkdBD-RjULbeng aeng a928.2bYEW 19531 aYeats, W. B.q(William Butler),d1865-193900aW.B. Yeats and T. Sturge Moore: their correspondence, 1901-1937.cEdited by Ursula Bridge. aLondon :bRoutledge & K. Paul,c1953. axix, 213 p. :billus., ports. ;c22 cm. aIncludes index. aYeats, W. B. (William Butler), 1865-1939. Correspondence1 aT. Sturge Moore1 aUrsula Bridge